000 00887nam a2200253Ia 4500
003 OSt
005 20220923211312.0
006 a|||||r|||| 00| 0
007 ta
008 220922b |||||||| |||| 00| 0 hin d
020 _a9788179756881 (hbk)
_c800
024 _a317,471
037 _b79, 15/03/2017, Mallika Books
_cTextual
040 _aARTS
_cARTS
_bhin
041 _2hin
_ahin
082 _aO152,3x, Q5
100 _aअरविंद कुमार, संपा.
245 0 _aप्रतिरोध की कहानियां
246 _aPratirodh kī kahāniyāan
260 _aनई दिल्ली
_b अनामिका पब्लिशर्स
_c2015
300 _a331पृ.
_ccm.
942 _hO152,3x, Q5
_cTEXL
_2CC
999 _c298264
_d298264